| 000 | 00413nam a2200169Ia 4500 | ||
|---|---|---|---|
| 008 | 230524s9999 xx 000 0 und d | ||
| 020 | _a8185749299 | ||
| 082 |
_a621.38 _bGUP |
||
| 100 | _aJ.B.Gupta | ||
| 245 | 2 | _aA Course in Electrical Technology (Part I) | |
| 250 | _a11TH | ||
| 260 |
_aNEW DELHI _bKataria _c2002 |
||
| 300 | _aXVI;1093 | ||
| 500 | _aQuantity Number: 4 | ||
| 650 | _aElectrical | ||
| 942 | _cBK | ||
| 999 |
_c240 _d240 |
||